<?xml version="1.0" encoding="UTF-8"?>
<marc:record xmlns:marc="http://www.loc.gov/MARC21/slim">
   <marc:leader>00000nam a2200000 a 4500</marc:leader>
   <marc:datafield ind1="1" ind2=" " tag="100">
      <marc:subfield code="a">Friewald, Gerlinde</marc:subfield>
      <marc:subfield code="4">aut</marc:subfield>
      <marc:subfield code="e">Verfasser/-in</marc:subfield>
   </marc:datafield>
   <marc:datafield ind1="0" ind2="0" tag="245">
      <marc:subfield code="a">Schuldfrei</marc:subfield>
   </marc:datafield>
   <marc:datafield ind1="0" ind2="0" tag="245">
      <marc:subfield code="b">ein Wien-Krimi</marc:subfield>
   </marc:datafield>
   <marc:datafield ind1="0" ind2="0" tag="245">
      <marc:subfield code="c">Gerlinde Friewald</marc:subfield>
   </marc:datafield>
   <marc:datafield ind1=" " ind2="1" tag="264">
      <marc:subfield code="a">Erfurt</marc:subfield>
      <marc:subfield code="b">Sutton</marc:subfield>
      <marc:subfield code="c">2015</marc:subfield>
   </marc:datafield>
   <marc:datafield ind1="1" ind2=" " tag="490">
      <marc:subfield code="a">Sutton Krimi</marc:subfield>
   </marc:datafield>
   <marc:datafield ind1="1" ind2=" " tag="520">
      <marc:subfield code="a">Angaben aus der Verlagsmeldung

Schuldfrei : Ein Wien-Krimi / von Gerlinde Friewald

Nick Stein, Wiens charmantester Ermittler, steht vor einem grausigen Tatort. Eine Gruppe Rentner wurde über längere Zeit gefangen gehalten, gefoltert und schließlich ermordet. Was verbindet die Opfer? Nick muss tief in die Vergangenheit der Toten eintauchen, um ihrem Geheimnis auf die Spur zu kommen. Bald ist er mit einem Fall konfrontiert, der ihn vor die Entscheidung stellt, seinem Gewissen zu folgen oder seinem Berufsethos.
</marc:subfield>
   </marc:datafield>
   <marc:datafield ind1=" " ind2=" " tag="020">
      <marc:subfield code="a">9783954005314</marc:subfield>
      <marc:subfield code="9">9783954005314</marc:subfield>
   </marc:datafield>
   <marc:datafield ind1=" " ind2=" " tag="020">
      <marc:subfield code="a">395400531X</marc:subfield>
      <marc:subfield code="9">395400531X</marc:subfield>
   </marc:datafield>
   <marc:datafield ind1=" " ind2=" " tag="041">
      <marc:subfield code="a">ger</marc:subfield>
   </marc:datafield>
   <marc:datafield ind1=" " ind2=" " tag="300">
      <marc:subfield code="a">202 S.</marc:subfield>
   </marc:datafield>
</marc:record>
